| 000 | 00477nam a2200145 a 4500 | ||
|---|---|---|---|
| 001 | 000034315 | ||
| 005 | 20200930073632.0 | ||
| 008 | 111003s1947 es 000 0 spa d | ||
| 040 |
_aDO-SdBNP _bspa _cBNPHU |
||
| 100 | 1 |
_aGubern Salisachs, Santiago _959744 |
|
| 245 | 1 | 3 |
_aLa ruptura de promesa matrimonial y la seducción de la mujer ante el derecho y la ley / _cSantiago Gubern Salisanchs. |
| 260 |
_aBarcelona : _bBosch, _c1947. |
||
| 300 |
_a186 p. ; _c23 cm. |
||
| 049 | _aBNPD | ||
| 999 |
_c33806 _d33806 |
||